000 00287nam a22001097a 4500
008 160506b xxu||||| |||| 00| 0 eng d
020 _a9789951230537
041 _aeng
080 _a61
245 _aBazat themelore emergjente te shpetimit te jetes - AED:
_cBasri Lenjani;
942 _2udc
_cBK
999 _c1859
_d1859